[Event "Moscow"]
[Site "Moscow"]
[Date "1981.04.??"]
[Round "11"]
[White "Petrosian, Tigran V"]
[Black "Karpov, Anatoly"]
[Result "1/2-1/2"]
[WhiteElo "2585"]
[BlackElo "2690"]
[Annotator "Belov,I"]
[PlyCount "72"]
[EventDate "1981.04.08"]
[EventType "tourn"]
[EventRounds "13"]
[EventCountry "URS"]
[EventCategory "15"]
[SourceTitle "MCL"]
[Source "ChessBase"]
[SourceDate "1999.07.01"]
[SourceVersion "1"]
[SourceVersionDate "1999.07.01"]
[SourceQuality "1"]

1. d4 Nf6 2. c4 e6 3. Nf3 d5 4. Bg5 Be7 (4... h6 5. Bxf6 Qxf6 6. Nc3 c6 {-D43/}
) (4... Bb4+ 5. Nc3 {-D38/}) 5. e3 h6 (5... O-O 6. Nbd2 Nbd7 7. Bd3 c5 $10) 6.
Bh4 O-O 7. cxd5 (7. Nbd2 Nbd7 8. Rc1 c5 9. cxd5 Nxd5 10. Bxe7 Qxe7 11. Bc4 cxd4
$10 {Hort,V-Karpov,An/Linares/1983/}) 7... Nxd5 (7... exd5 8. Nc3 c6 9. Qc2 $14
) 8. Bxe7 Qxe7 9. e4 Nf6 (9... Nb6 $5 {Hort/}) 10. Nc3 c5 11. e5 Nd5 12. Rc1 (
12. Nxd5 exd5 13. dxc5 Bg4 14. Be2 (14. Qxd5 Nc6 15. Be2 Rfd8 $44) 14... Bxf3
15. Bxf3 Qxc5 16. Qe2 Re8 $10 {Korchnoi,V-Hort,V/Wijk aan Zee/1983/0:1 (39)
Inf 35/490/}) 12... Rd8 (12... Nxc3 13. Rxc3 (13. bxc3 Rd8 14. Bd3 Nc6 15. O-O
Qd7) 13... cxd4 14. Nxd4 Rd8 15. Qc2 Nd7 16. Nf3 $14) 13. Nxd5 Rxd5 14. Bd3 $5
(14. Qc2 Nc6 15. dxc5 Nxe5 $10) 14... Nc6 (14... Na6 $5 $10) 15. Be4 Rd8 16.
Bxc6 bxc6 17. Rxc5 Ba6 $44 18. Qc2 (18. Rxc6 Qb4+ 19. Qd2 Qa4 $17) 18... Rab8
19. b3 Rb5 20. Rxb5 $6 (20. Rxc6 Bb7 21. Rc7 Qb4+ (21... Rd7 22. Rxd7 Qxd7 23.
Qc3 Bxf3 24. Qxf3 Qxd4 25. O-O Rxe5 26. Rd1 Qb6 $10) 22. Qc3 (22. Ke2 $5 Bxf3+
23. Kxf3 Qxd4 24. Re1 Rxe5 25. Rxe5 Qxe5 26. Rc8 $10) 22... Bxf3 23. Qxb4 Rxb4
24. gxf3 Rbxd4 25. O-O $14) 20... Bxb5 21. Kd2 $5 (21. Qc5 Qxc5 22. dxc5 a5 $1
$17 {/\ Rd5/}) 21... c5 $1 22. Ke3 Rd5 23. Rd1 g5 $1 24. h3 Qc7 (24... f5 $5
25. exf6 Qxf6 26. Qe4 Bc6 $15) 25. Qb2 a5 26. a3 cxd4+ $6 (26... f5 $142 $1 27.
b4 cxb4 $1 28. Rc1 (28. axb4 Qc4 $17) 28... Qb7 29. axb4 Rd8 $17) 27. Rxd4 Rc5
28. Kd2 {>< c2/} Bf1 29. b4 axb4 30. axb4 Rb5 31. Rg4 $1 $14 Rd5+ 32. Ke1 Bd3
33. h4 Bf5 34. Rd4 Rxd4 35. Qxd4 Qc2 36. hxg5 Bd3 (36... Bd3 37. Qe3 Qb1+ 38.
Kd2 Qc2+ $10) 1/2-1/2

[Event "Moscow2"]
[Site "Moscow"]
[Date "1995.??.??"]
[Round "?"]
[White "Razuvaev, Yuri S"]
[Black "Sveshnikov, Evgeny"]
[Result "1-0"]
[WhiteElo "2580"]
[BlackElo "2560"]
[Annotator "Belov,I"]
[PlyCount "56"]
[EventDate "1995.04.??"]
[EventType "tourn"]
[EventRounds "9"]
[EventCountry "RUS"]
[EventCategory "11"]
[SourceTitle "CBM 047"]
[Source "ChessBase"]
[SourceDate "1995.08.01"]
[SourceVersion "1"]
[SourceVersionDate "1995.08.01"]
[SourceQuality "1"]

1. d4 d5 2. c4 e6 3. Nf3 c6 4. Nbd2 Nf6 5. g3 (5. Qc2 Nbd7 6. e4 dxe4 7. Nxe4
Nxe4 8. Qxe4 Bb4+ 9. Bd2 Bxd2+ 10. Nxd2 c5 11. Nb3 O-O 12. O-O-O cxd4 13. Rxd4
e5 14. Rd2 Qc7 $13 {Tosic,M-Tregubov,P/Alushta 3/1993/0:1/42/}) (5. e3 Nbd7 6.
Bd3 c5 7. cxd5 exd5 8. b3 Bd6 9. Bb2 O-O 10. O-O cxd4 11. exd4 Re8 $10 {
Van der Sterren,P-Van der Werf,M/NLD(ch)/1994/0,5/20/}) 5... Nbd7 (5... c5 6.
Bg2 Nc6 7. O-O cxd4 8. cxd5 Nxd5 9. Nb3 Be7 10. Nbxd4 Nxd4 (10... O-O 11. Nxc6
bxc6 12. Qa4 Qb6 13. e4 $14 {Christiansen,L-Wolff,P/Wijk op/1993/0,5/40/}) 11.
Nxd4 O-O 12. e4 Nb4 13. a3 e5 14. Nf5 Nc6 15. Be3 Bf6 16. Bc5 Qxd1 17. Rfxd1
Rd8 $10 {Wojtkiewicz,A-Yermolinsky,A/New York Hudson/1993/0,5/26/}) 6. Qc2 b5
$6 $146 (6... Be7 7. Bg2 O-O 8. O-O b6) 7. c5 e5 (7... Be7 8. a4 b4 9. a5 $16)
(7... a6 8. a4 Bb7 9. Bg2 Be7 10. O-O O-O $14) 8. dxe5 Ng4 9. b4 Ndxe5 $6 (9...
a5 10. Bb2 Qc7 (10... axb4 11. h3 Nh6 12. Nb3 Qc7 $13) 11. a3 Ngxe5 12. Bg2 $14
) (9... Ngxe5 10. Bb2 Nxf3+ 11. Nxf3 (11. exf3 Nf6 12. Bg2 Qe7+ $13) 11... Nf6
12. Bg2 Be7 13. O-O O-O 14. a4 $14) 10. Bb2 Nxf3+ 11. exf3 $1 Nf6 12. Nb3 a5 $6
13. a4 $5 (13. Nxa5 Rxa5 14. bxa5 Qxa5+ 15. Bc3 b4 16. Bxf6 gxf6 17. Qd2 $16)
13... axb4 14. axb5 Rxa1+ 15. Bxa1 Be7 (15... cxb5 16. Bxb5+ Bd7 17. c6 $18)
16. b6 $16 O-O 17. h4 (17. Bd3 Bh3 18. Nd4 Qd7) 17... d4 $6 (17... Re8 18. Be2
d4 (18... Be6 19. Nd4 Qd7 20. O-O $18) 19. Bxd4 (19. Nxd4 Qd5 20. Nb3 Be6 $13)
19... Be6 20. Be3 Qd5 21. Na5 Ng4 $132) 18. Bc4 $1 (18. Nxd4 $6 Qd5 19. Nb3
Qxf3 $13) 18... Nd5 19. Bxd4 Re8 20. Kf1 Bf6 (20... Be6 21. Kg2 Bf6 22. Rd1 $18
) 21. Bxf6 Qxf6 22. Bxd5 cxd5 23. Kg2 $18 d4 24. Rd1 Bf5 25. Qb2 Bh3+ 26. Kxh3
Qxf3 27. Qc2 d3 28. Qxd3 Qxf2 1-0

[Event "Alushta4"]
[Site "Alushta"]
[Date "1994.??.??"]
[Round "6"]
[White "Graf, Alexander"]
[Black "Sveshnikov, Evgeny"]
[Result "1-0"]
[WhiteElo "2575"]
[BlackElo "2585"]
[Annotator "Belov,I"]
[PlyCount "66"]
[EventDate "1994.??.??"]
[EventType "tourn"]
[EventRounds "9"]
[EventCountry "UKR"]
[EventCategory "13"]
[SourceTitle "CBM 042"]
[Source "ChessBase"]
[SourceDate "1994.10.01"]
[SourceVersion "1"]
[SourceVersionDate "1994.10.01"]
[SourceQuality "1"]

1. d4 d5 2. c4 e6 3. Nf3 c6 4. Bg5 $5 (4. Nc3) (4. Qc2 $5) 4... f6 (4... Be7 5.
Bxe7 Qxe7 $14 {Capablanka,H-Treybal//Karlovy Vary/1929/}) 5. Bf4 dxc4 (5...
Bb4+ 6. Nc3 Ne7 7. e3 $14) 6. e4 b5 7. Nc3 (7. a4 Bb7 8. Nc3 a6 9. Be2 Bb4 10.
O-O Ne7 11. Qc2 O-O 12. Rfd1 Nd7 $13) 7... Nd7 8. Rc1 $5 (8. a4) (8. Be2) 8...
a6 9. b3 Ba3 $6 (9... cxb3 10. Qxb3 Nb6 11. Be2 Ne7 12. O-O Ng6 13. Bg3 Be7 $13
) 10. Rb1 b4 $2 (10... cxb3 11. Qxb3 Be7 (11... Qe7 12. Be2 $14) 12. Qxe6 Ne5 (
12... Nc5 13. Qxc6+ Bd7 14. Qc7 $16) 13. Qb3 Nxf3+ 14. gxf3 Qxd4 $13) 11. Na4
c3 12. Bc4 Nb6 13. Nxb6 Qxb6 14. O-O $16 Ne7 15. Bd6 Qd8 16. Bc5 O-O 17. Nh4 (
17. Ne1 $1 {/\ Nc2-a3+-}) 17... Kh8 (17... Re8 18. f4 Ng6 19. Nxg6 hxg6 20. Qg4
Kf7 21. f5 $40) 18. f4 f5 (18... g6 $5 19. Nf3 Kg7 20. Qd3 $16) (18... Bd7 19.
f5) 19. exf5 Nxf5 (19... exf5 20. Re1 Re8 21. Qh5 c2 22. Bxe7 cxb1=Q 23. Ng6#)
20. Nf3 $5 (20. Bxf8 Qxf8 21. Nxf5 exf5 22. Qd3 $16) 20... Ne3 (20... Re8 21.
Re1 {/\ Ng5+-}) 21. Qd3 Nxf1 22. Ng5 Rf5 $6 (22... g6 $5 $8 23. Rxf1 Rb8 24.
Qh3 Rb7) 23. Qxf5 $1 $18 exf5 24. Nf7+ Kg8 25. Nxd8+ Kh8 26. Nf7+ Kg8 27. Ne5+
Kh8 28. Rxf1 c2 29. Nd3 a5 30. Kf2 Ba6 31. Bxa6 Rxa6 32. Ke3 Ra8 33. Kd2 Re8
1-0

[Event "Baden-Baden"]
[Site "Baden-Baden"]
[Date "1992.12.06"]
[Round "2"]
[White "Boensch, Uwe"]
[Black "Lautier, Joel"]
[Result "1-0"]
[WhiteElo "2490"]
[BlackElo "2580"]
[Annotator "Boensch,U"]
[PlyCount "71"]
[EventDate "1992.12.??"]
[EventType "tourn"]
[EventRounds "11"]
[EventCountry "GER"]
[EventCategory "14"]
[SourceTitle "CBM 033"]
[Source "ChessBase"]
[SourceDate "1993.04.01"]
[SourceVersion "1"]
[SourceVersionDate "1993.04.01"]
[SourceQuality "1"]

1. d4 d5 2. c4 c6 3. e3 Nf6 4. Nf3 e6 5. Nbd2 c5 $6 (5... Ne4 6. Nxe4 dxe4 7.
Nd2 f5 8. f3 Bd6 9. Qe2 exf3 10. Nxf3 O-O 11. e4 Bb4+ 12. Kf2 e5 13. Bg5 Qe8
14. exf5 e4 15. a3 Bxf5 16. axb4 Qh5 17. Qe3 exf3 18. gxf3 Nd7 19. Be7 Nf6 20.
Bxf8 Rxf8 21. Bg2 Bh3 22. Bxh3 Qxh3 23. Rhg1 Ng4+ 24. Rxg4 Qxg4 25. Rg1 Qh4+
26. Kg2 Qh5 27. Qe6+ Kh8 28. Qg4 Qf7 29. b3 Qe7 30. Kh1 g6 31. Qe4 {Levin,
F-Peicheva Juergens,V/Groningen (02)/1992/1/2-1/2/36/}) (5... Be7 6. Bd3 O-O 7.
O-O b6 8. b3 Bb7 9. Bb2 Nbd7 10. Qe2 c5 11. Rad1 Qc7 12. Ne5 dxc4 13. bxc4 cxd4
14. Nxd7 Nxd7 15. exd4 Bd6 16. Qh5 Nf6 17. Qh4 e5 18. Rfe1 Rae8 19. d5 h6 20.
f4 Nd7 21. Qg3 Bc5+ 22. Kh1 Bd4 23. Bxd4 exd4 24. Nf3 Rxe1+ 25. Rxe1 Nc5 26.
Nxd4 Nxd3 27. Qxd3 Qxf4 28. h3 Ba6 29. Rf1 Qe5 30. Nc6 Qc7 31. Qe4 {Hoffman,
A-Guerra/Pontevedra/1992/1-0/39/}) (5... Nbd7 $1 6. Bd3 (6. b3 Bd6 7. Bb2 O-O
8. Bd3 Re8 9. Ne5 dxc4 10. Ndxc4 Bb4+ 11. Kf1 Bf8 12. Qf3 Nxe5 13. Nxe5 Bd6 14.
Rd1 Bxe5 15. dxe5 Nd5 16. Qe4 g6 17. h4 c5 18. h5 Qg5 19. Qf3 Bd7 20. Qh3 Re7
21. Kg1 Rf8 22. hxg6 fxg6 23. f4 Qh5 24. Qxh5 gxh5 25. Kf2 Be8 26. Be2 Rd7 27.
g3 Bg6 28. Bb5 Rc7 29. Kf3 Bf5 30. Rd2 Bg4+ 31. Kf2 {Miles,A-Rogers,I/
Melbourne/1992/1-0/46/}) 6... Bd6 (6... dxc4 7. Nxc4 b5 8. Nce5 Nxe5 9. Nxe5
Bb7 10. O-O Be7 11. Qf3 Qd5 12. Bd2 O-O 13. Rfc1 Qxf3 14. gxf3 Rac8 15. Rc2 Nd5
16. Rac1 Nb4 17. Bxb4 Bxb4 18. Nxc6 Rxc6 19. Rxc6 Bxc6 20. Rxc6 Rb8 21. a3 Bf8
22. b4 Rb6 23. Rxb6 axb6 24. Bxb5 g5 25. Kf1 Bd6 26. h3 Kf8 27. Ke2 Ke7 28. Kd3
h5 29. Bc6 Kd8 30. d5 exd5 31. Bxd5 {Donchenko,A-Boguszlavszky,M/Protvino/1992/
1-0/51/}) (6... Be7 7. O-O O-O 8. b3 a5 9. a3 Re8 10. Bb2 Bd6 11. Ne5 dxc4 12.
Ndxc4 Bc7 13. f4 Nb8 14. Qf3 Qd5 15. Qh3 Ne4 16. Nxf7 e5 17. Qf3 exd4 18. Bxe4
Qxf7 19. Bxd4 a4 20. Be5 Na6 21. Bxc7 Nxc7 22. Nd6 Qxb3 23. Nxe8 Nxe8 24. Bxh7+
Kf8 25. e4 Nf6 26. Bg6 Be6 27. Qf2 Qc3 28. h3 Rd8 29. Rfd1 Rxd1+ 30. Rxd1 Ke7
31. e5 {Guerra,D-Sorroche,JM/Sitges op (04)/1992/1-0/36/}) 7. O-O O-O 8. e4 (8.
b3 e5 9. cxd5 cxd5 10. dxe5 Nxe5 11. Be2 Qe7 (11... Bf5 12. Nd4 Bd7 13. Bb2 Qe7
14. Nb5 Bxb5 15. Bxb5 Rad8 16. Nf3 Nxf3+ 17. Qxf3 Be5 18. Qe2 Ne4 19. Bd3 Rd6
20. Bxe5 Qxe5 21. Rac1 Rfd8 22. Rc2 g6 23. h3 Nc3 24. Qd2 Rc6 25. Rfc1 Rdc8 26.
a4 a5 27. Kf1 Rc5 28. Kg1 b6 29. Kh1 Qf6 30. f3 Kg7 31. Re1 {Berg,K-Boensch,U/
Munich op9192 (05)/1992/0-1/41/}) 12. Bb2 Bd7 13. Nxe5 Bxe5 14. Bxe5 Qxe5 15.
Nf3 Qe7 16. a3 Rac8 17. Qd4 a6 18. Rfd1 Bf5 19. b4 h6 20. Rac1 Bc2 21. Re1 Rc7
22. Qb2 Rfc8 23. Nd4 Be4 24. Qd2 Bg6 25. Bf3 Be4 26. Be2 Bg6 27. f3 Ne8 28. Bf1
Nf6 29. Rxc7 Rxc7 30. Rc1 Qd6 31. Rxc7 {Berg,K-Trabert,B/Gausdal Peer Gynt (6)/
1992/1-0 (70)}) 8... e5 9. exd5 cxd5 10. cxd5 exd4 11. Nc4 (11. Ne4 Ne5 12.
Nxd6 Qxd6 13. Nxe5 Qxe5 14. Bc4 Re8 $10 {Staniszewski-Matlak/POL/1991/}) 11...
Nc5 (11... Nb6 12. Nxb6 {Dreev,A-Akopian,V (2)/Tilburg2.04 /1992/1/2-1/2/12/})
12. Nxd6 Qxd6 13. Bc4 Bg4 14. Qxd4 Bxf3 15. gxf3 Ne6 16. Qh4 Nxd5 17. Rd1 Nec7
18. Qg3 Qc6 19. Bb3 Ne7 20. Bg5 Nf5 21. Qg4 g6 22. Rac1 Qb6 23. Bc2 Ng7 24. Bb3
Nf5 25. Bc2 Ng7 26. Be3 Qxb2 27. Bd4 Qxa2 28. Bb1 Qa5 29. Bc3 Qb6 30. Bd4 Qa5
31. Bc3 {Salov,V-Anand,V/Linares (08)/1992/1/2-1/2/32/}) 6. Be2 (6. b3 dxc4 7.
Bxc4 cxd4 8. Nxd4 Bd6 9. Bb2 O-O 10. O-O Bd7 11. Be2 Nc6 12. Nc4 Bc5 13. Bf3
Rc8 14. Nb5 Be7 15. Nbd6 Rc7 16. Nb5 Rc8 17. Rc1 a6 18. Nbd6 Rc7 19. Qd2 {
Yusupov,A-Anand,V/Moscow Alekhine/1992/1/2-1/2/19/}) (6. cxd5 exd5 (6... Nxd5
7. Bb5+ Bd7 8. Bxd7+ Nxd7 9. O-O Be7 10. e4 N5f6 11. d5 exd5 12. e5 Ng4 13. Qa4
Nh6 14. Nb1 d4 15. Bxh6 gxh6 16. Nbd2 O-O 17. Qc2 Qb6 18. Rfe1 Kh8 19. Ne4 Qg6
20. Qb3 Rg8 21. Ng3 Qe6 22. Qd3 Rg6 23. Nf5 Rag8 24. g3 Nb6 25. Nxe7 Qxe7 26.
b4 cxb4 27. Qxd4 Rd8 28. Qe4 Na4 29. Nh4 Rg5 30. Nf5 Qe6 31. Nd4 {Fernandez,
JuL-Semkov,S/Sitges op (03)/1992/0-1/57/}) 7. b3 Bd6 8. Bb2 O-O 9. Bd3 Nc6 10.
O-O cxd4 11. Nxd4 Ne5 12. N2f3 Nxd3 13. Qxd3 Re8 14. Nb5 Bb8 15. Rac1 Bg4 16.
Nbd4 a6 17. Rfd1 Ne4 18. Kf1 Qf6 19. h3 Bh5 20. Qe2 Bg3 21. Nb5 Qh6 22. Nc3
Nxf2 23. Rxd5 Bg6 24. Nd1 Be4 25. Rd4 Nxd1 26. Rcxd1 Bc6 27. Qd2 Bxf3 28. gxf3
Be5 29. Rg4 Qxh3+ 30. Kf2 Qh2+ 31. Rg2 {Nenashev,A-Kramnik,V/Moscow Alekhine
op/1992/0-1/31/}) (6. Bd3 Nc6 7. O-O cxd4 8. exd4 Be7 9. c5 O-O 10. a3 Nd7 11.
b4 e5 12. dxe5 Ndxe5 13. Nxe5 Nxe5 14. Nf3 Nxd3 15. Qxd3 Bf6 16. Nd4 Re8 17.
Be3 Bd7 18. Rad1 a6 {Molnar,I-Bernei,A/HUN-chT 9192/1991/1/2-1/2/18/}) 6... Nc6
7. O-O cxd4 8. exd4 Bd6 $2 (8... Be7 $142) (8... dxc4 $142) 9. a3 O-O $6 (9...
dxc4 $142) 10. c5 Bc7 11. b4 $16 e5 (11... Ne4 12. Bb2 f5 13. Ne5 $16) 12. dxe5
Nxe5 13. Bb2 Ng6 14. Re1 Ne4 (14... Nf4 15. Bf1 Bg4 16. Qb3 $16 {/\ 17.Nf3-e5})
15. Nxe4 $1 {Das Endspiel ist klar besser für Weiss.} dxe4 16. Qxd8 Bxd8 (16...
Rxd8 $2 17. Ng5 Rd2 18. Bc1 $18 {><e4}) 17. Nd2 f5 18. Bc4+ Kh8 19. Rad1 Bg5
20. g3 Rd8 21. Nb3 Bd7 22. h4 Bf6 (22... Bh6 $2 23. h5 Nf8 24. Rd6 {/\ 25.
Rd6xh6}) (22... Be7 $6 23. h5 Nf8 24. h6 $16) 23. Bxf6 gxf6 24. Rd6 Ba4 25. Nd4
(25. Rxf6 $2 Ne5 $1) 25... Ne5 26. Be2 $6 (26. Be6 $1 Rxd6 27. cxd6 Rd8 28. Rc1
$18) 26... Rxd6 27. cxd6 Nd3 28. Rf1 f4 (28... Rd8 29. Nxf5 Bd7 30. Ne3 Bh3 31.
Rd1 Rxd6 32. f3 f5 33. Kh2 $18) 29. f3 $1 fxg3 30. fxe4 Nf2 31. Bf3 Re8 32. b5
$1 {/\ Rf1-c1, d6-d7} a6 33. Rc1 Nh3+ 34. Kh1 Nf2+ 35. Kg2 Nd3 36. d7 1-0

[Event "Hoogovens"]
[Site "Wijk aan Zee"]
[Date "1984.01.15"]
[Round "3"]
[White "Miles, Anthony John"]
[Black "Nikolic, Predrag"]
[Result "1-0"]
[WhiteElo "2565"]
[BlackElo "2570"]
[Annotator "Bulletin"]
[PlyCount "63"]
[EventDate "1984.01.13"]
[EventType "tourn"]
[EventRounds "13"]
[EventCountry "NED"]
[EventCategory "13"]
[SourceTitle "MCL"]
[Source "ChessBase"]
[SourceDate "1999.07.01"]
[SourceVersion "1"]
[SourceVersionDate "1999.07.01"]
[SourceQuality "1"]

1. Nf3 d5 2. d4 c6 3. c4 e6 4. Qc2 Nf6 5. Bf4 (5. Nbd2) 5... Nh5 $6 6. Bg5 f6 (
6... Be7 7. Bxe7 $14) 7. Bh4 (7. Bd2 f5 $14) 7... g5 8. Bg3 Nd7 (8... Nxg3 9.
hxg3 $16) 9. cxd5 $1 $16 exd5 (9... cxd5 10. Bc7 Bb4+ 11. Nbd2 Qe7 12. g4 $1 {
/\ h4 |^>>}) 10. e3 Bb4+ 11. Nc3 Nf8 12. Bd3 {/^b1-h7, ><f5} Be6 13. a3 Bxc3+
14. bxc3 Qe7 15. Rb1 Kf7 $2 16. Qe2 $1 Ng7 (16... Nxg3 17. hxg3 $18) 17. Nd2 $1
{/\e4,c4,h4} h5 18. h4 g4 19. O-O Ng6 20. e4 $1 $18 Rhe8 21. f3 b6 22. fxg4
Bxg4 23. Qf2 {>< f6} Nf8 24. Rbe1 Qd8 25. Qf4 Re6 (25... Nfe6 26. Qh6 Rh8 27.
Qe3 {/\ Be5}) 26. Nf3 $1 Kg8 27. Nh2 dxe4 28. Nxg4 exd3 (28... hxg4 29. Bc4)
29. Rxe6 Nfxe6 30. Nxf6+ Kf7 31. Qe5 d2 32. Nxh5+ 1-0

[Event "POL-ch 52nd"]
[Site "Warsaw"]
[Date "1995.??.??"]
[Round "1"]
[White "Markowski, Tomasz"]
[Black "Jaracz, Pawel"]
[Result "1-0"]
[WhiteElo "2470"]
[BlackElo "2410"]
[Annotator "Bulletin"]
[PlyCount "83"]
[EventDate "1995.02.11"]
[EventType "tourn"]
[EventRounds "17"]
[EventCountry "POL"]
[EventCategory "8"]
[SourceTitle "EXT 1999"]
[Source "ChessBase"]
[SourceDate "1998.11.16"]
[SourceVersion "1"]
[SourceVersionDate "1998.11.16"]
[SourceQuality "1"]

1. Nf3 d5 2. e3 c6 3. c4 Nf6 4. d4 e6 5. Bd3 Nbd7 6. O-O dxc4 7. Bxc4 b5 8. Bd3
a6 9. a4 $1 b4 $2 10. Qe2 c5 11. Rd1 Bb7 12. e4 cxd4 13. Nxd4 Bd6 14. Bg5 Qb8
15. h3 h6 16. Bxf6 gxf6 $2 (16... Nxf6 17. Nd2) 17. Nd2 Ke7 18. Nc4 Rg8 $2 19.
Nxd6 Qxd6 20. Bb5 $1 axb5 21. Nf5+ exf5 22. Rxd6 Kxd6 23. Qxb5 Bc6 24. Rd1+ Kc7
25. Rc1 Ne5 26. f4 Nf3+ 27. Kf2 Nd4 28. Qc5 Rgd8 29. a5 Ra6 30. Rc4 fxe4 31.
Rxd4 Rxd4 32. Qxd4 Rxa5 33. Qxf6 Rc5 34. Qxf7+ Kb6 35. Ke3 Rd5 36. f5 Rd3+ 37.
Kf4 Rd2 38. Qc4 $1 Rf2+ 39. Ke5 Kc7 40. Qxb4 Rxg2 41. f6 e3 42. f7 1-0

[Event "URS-ch46 First League+"]
[Site "Ashkhabad"]
[Date "1978.??.??"]
[Round "5"]
[White "Vaganian, Rafael A"]
[Black "Beliavsky, Alexander G"]
[Result "1/2-1/2"]
[WhiteElo "2570"]
[BlackElo "2545"]
[Annotator "Bulletin"]
[PlyCount "90"]
[EventDate "1978.10.??"]
[EventType "tourn"]
[EventRounds "17"]
[EventCountry "URS"]
[EventCategory "10"]
[SourceTitle "MCL"]
[Source "ChessBase"]
[SourceDate "1999.07.01"]
[SourceVersion "1"]
[SourceVersionDate "1999.07.01"]
[SourceQuality "1"]

1. Nf3 d5 2. d4 Nf6 3. c4 c6 4. e3 e6 5. Bd3 Nbd7 6. O-O Ne4 7. Ne5 $6 (7. b3)
(7. Qc2) 7... Nxe5 8. dxe5 Nc5 9. Nc3 Be7 10. Bc2 Qc7 11. cxd5 cxd5 12. f4 Bd7
13. b3 O-O-O $1 $10 14. Ba3 Kb8 15. Qd4 Rc8 16. Rfc1 f6 $1 17. Bd1 fxe5 18.
fxe5 Qb6 19. Bf3 Rhd8 20. Ne2 Rc6 21. Rc3 Rdc8 22. Rac1 Qc7 $15 23. Qf4 Nd3 $1
24. Rxd3 Bxa3 25. Rxc6 Bxc6 26. Nd4 Qe7 27. h4 Bd7 28. Kh2 Bb4 29. e4 Rf8 30.
Qg3 dxe4 31. Bxe4 g6 32. Bf3 Ba5 33. Qg4 $1 Rc8 $1 (33... Bc7 $2 34. Qe4 Bc8
35. Nc6+ $2 (35. Nb5 $1) 35... bxc6 36. Qxc6 Qxh4+ 37. Kg1 Bb6+ $19) 34. Qe4
Rc7 35. Rd1 a6 36. Be2 Bc8 37. a4 Rc5 38. Nf3 Bc7 39. Qb4 Ba5 40. Qa3 Qc7 41.
b4 Rc3 42. Qb2 Bb6 43. Bd3 Be3 44. Qe2 Bh6 45. Qe4 Ra3 1/2-1/2

[Event "DDR-ch 38th"]
[Site "Zittau"]
[Date "1989.02.22"]
[Round "10"]
[White "Paehtz, Thomas Sr"]
[Black "Knaak, Rainer"]
[Result "0-1"]
[WhiteElo "2450"]
[BlackElo "2465"]
[Annotator "Bulletin"]
[PlyCount "60"]
[EventDate "1989.02.12"]
[EventType "tourn"]
[EventRounds "13"]
[EventCountry "DDR"]
[EventCategory "7"]
[SourceTitle "CBM 012"]
[Source "ChessBase"]
[SourceDate "1989.10.01"]
[SourceVersion "1"]
[SourceVersionDate "1989.10.01"]
[SourceQuality "1"]

1. Nf3 d5 2. d4 c6 3. c4 e6 4. Qc2 dxc4 $5 5. Qxc4 b5 6. Qc2 Bb7 7. e3 Nd7 8.
Be2 a6 9. a4 Rc8 10. O-O Ngf6 11. b3 $6 Be7 12. Bb2 O-O 13. Nbd2 c5 $15 14.
dxc5 Rxc5 $1 $15 15. Qb1 b4 {>< c3} 16. Bd4 Rd5 $1 17. e4 $6 (17. Bc4 Rh5)
17... Rxd4 $1 18. Nxd4 Ne5 19. Qb2 (19. N4f3 Nxf3+ 20. Nxf3 Nxe4 $17 {/\ ...Nc3
}) 19... Bc5 20. N4f3 (20. Nxe6 fxe6 21. Qxe5 Qxd2 $17) 20... Nxf3+ 21. Nxf3 {
21.Bxf3 -/+} Nxe4 $19 22. Rac1 Qb6 23. Bd3 Nc3 $19 24. Ne1 $8 Rd8 25. Rc2 Rd5
$1 26. Qc1 Qd6 27. Rxc3 (27. Rd2 Qc7 {/\ 28...Rh5 29.h3 Rxh3!}) 27... bxc3 28.
Be2 Rd2 29. Bf3 Rxf2 $1 30. Rxf2 Qd2 0-1

[Event "URS-ch46 First League"]
[Site "Ashkhabad"]
[Date "1978.??.??"]
[Round "10"]
[White "Alburt, Lev O"]
[Black "Tseshkovsky, Vitaly"]
[Result "1/2-1/2"]
[WhiteElo "2510"]
[BlackElo "2570"]
[Annotator "Bulletin"]
[PlyCount "135"]
[EventDate "1978.10.??"]
[EventType "tourn"]
[EventRounds "17"]
[EventCountry "URS"]
[EventCategory "10"]
[SourceTitle "MCL"]
[Source "ChessBase"]
[SourceDate "1999.07.01"]
[SourceVersion "1"]
[SourceVersionDate "1999.07.01"]
[SourceQuality "1"]

1. Nf3 d5 2. d4 c6 3. c4 Nf6 4. Qc2 e6 5. Nbd2 Be7 6. e4 dxe4 7. Nxe4 Nxe4 8.
Qxe4 Nd7 9. Bd2 Nf6 10. Qc2 O-O 11. Be2 b6 12. O-O c5 13. dxc5 bxc5 14. Bc3 Bb7
15. Ng5 h6 16. Bf3 $1 Qc7 17. Bxf6 hxg5 18. Bxb7 Qxb7 19. Be5 Rad8 20. Rad1 Qc6
21. Bc3 Rxd1 22. Rxd1 Rd8 23. Rxd8+ Bxd8 24. h3 Bc7 25. a3 f6 26. Qd3 a5 27. b3
Kf7 28. Kf1 Ke7 29. Qh7 Kf7 30. Qh5+ Kg8 31. Qd1 Kf7 32. Qd3 Ke7 33. Kg1 Qd6
34. Qxd6+ Kxd6 35. Kf1 Bd8 36. Ke2 g6 37. Kd3 e5 38. f3 f5 39. Bd2 Kc6 40. Be3
Kd6 41. Bf2 Kc6 42. Be1 Bc7 43. Bd2 Bd8 44. b4 axb4 45. axb4 cxb4 46. Bxb4 Bf6
47. Kc2 Bd8 48. Kb3 Kd7 49. Bf8 Bf6 50. Kb4 Kc6 51. c5 Bd8 $1 (51... Bg7) 52.
Kc4 Bf6 53. Bd6 Bd8 54. Bxe5 Be7 55. Bd4 Bf8 56. Be3 Be7 57. g3 Bf8 58. g4 fxg4
59. fxg4 Be7 60. Bd4 Bf8 61. Bf6 Bxc5 62. Bxg5 Bf2 63. Bf4 Kd7 64. Kd5 Ke7 65.
Be5 Kf7 66. Ke4 Bh4 67. Kf4 Bd8 68. Bd4 1/2-1/2

[Event "Pardubice Czech op-A 21st"]
[Site "Pardubice"]
[Date "2010.07.23"]
[Round "1"]
[White "Agaragimov, Djahangir"]
[Black "Korobov, Anton"]
[Result "0-1"]
[WhiteElo "2311"]
[BlackElo "2657"]
[Annotator "CB"]
[PlyCount "68"]
[EventDate "2010.07.23"]
[EventType "swiss"]
[EventRounds "9"]
[EventCountry "CZE"]
[SourceTitle "CBM 137 Extra"]
[Source "ChessBase"]
[SourceDate "2010.09.01"]
[SourceVersion "1"]
[SourceVersionDate "2010.09.01"]
[SourceQuality "1"]

1. d4 d5 2. c4 e6 3. Nf3 c6 4. Qc2 dxc4 5. Qxc4 b5 6. Qc2 Bb7 7. Nbd2 Nd7 8. e3
Ngf6 9. Be2 Rc8 10. O-O c5 11. Bxb5 cxd4 12. Qb3 Bd5 13. Qa4 dxe3 14. fxe3 a6
15. Bxa6 Ra8 16. Qb5 Bc5 17. Nb3 O-O 18. Nxc5 Nxc5 19. Qxc5 Rxa6 20. a4 Rc6 21.
Qa3 Ng4 22. Qb4 Rc4 23. Qe1 Rc2 24. a5 f5 25. Qg3 h5 26. h3 h4 27. Qf4 ({
The pawn is untouchable since after} 27. Nxh4 {#Black has the fantastic shot}
Qxh4 $3 28. Qxh4 Rxg2+ 29. Kh1 Rh2+ 30. Kg1 Rh1#) 27... g5 28. Qa4 {#Black has
two pieces en prise, but he has the last word:} Rxg2+ $1 29. Kxg2 Qc7 $1 30.
hxg4 Qg3+ 31. Kh1 Bxf3+ 32. Rxf3 Qxf3+ 33. Kg1 fxg4 34. Bd2 h3 0-1

[Event "Lopota FIDE GP (Women)"]
[Site "Lopota"]
[Date "2014.06.30"]
[Round "10"]
[White "Koneru, Humpy"]
[Black "Muminova, Nafisa"]
[Result "1-0"]
[WhiteElo "2613"]
[BlackElo "2332"]
[Annotator "CB"]
[PlyCount "73"]
[EventDate "2014.06.19"]
[EventType "tourn"]
[EventRounds "11"]
[EventCountry "GEO"]
[EventCategory "11"]
[SourceTitle "CBM 161 Extra"]
[Source "ChessBase"]
[SourceDate "2014.08.29"]
[SourceVersion "1"]
[SourceVersionDate "2014.08.29"]
[SourceQuality "1"]

{A relatively easy win for Humpy. In an equal position Muminova's horrendous
13...Na5? simply gave White a mobile pawn majority on the queenside that was
impossible to stop, despite the many pieces still on the board. The Indian
player marched her pawns on to victory.} 1. d4 e6 2. c4 Nf6 3. Nf3 d5 4. e3 c5
5. a3 a6 6. b3 Nc6 7. Bb2 Be7 8. Bd3 O-O 9. O-O b6 10. Nbd2 Bb7 11. Qe2 cxd4
12. exd4 Rc8 13. Rfd1 Na5 $2 {Muminova completely underestimates, or misses,
White's next move.} 14. c5 $1 $16 {White's pawns on the queenside are too
powerful.} bxc5 (14... b5 15. a4 $16) 15. dxc5 Nc6 (15... Bxc5 16. b4 {is of
course immediately winning, so the pawn is taboo.}) 16. b4 Ra8 17. Nb3 Qc7 18.
Ne5 Rfd8 19. Nxc6 Bxc6 20. a4 Qf4 21. b5 Be8 22. Bd4 Ne4 23. b6 e5 24. Bxe4
dxe4 25. Be3 Qf6 26. Rxd8 Bxd8 27. Na5 Qg6 28. Qc4 Bd7 29. c6 Bh3 30. Qf1 f5
31. b7 Rb8 32. Ba7 f4 33. Kh1 (33. Bxb8 f3 34. Bxe5 Bxg2 35. Qc4+ Kh8 36. b8=Q
$18) 33... Bg4 34. Bxb8 f3 35. c7 Bxc7 36. Bxc7 fxg2+ 37. Qxg2 1-0